000 00741nam a22002417a 4500
001 87331
003 UA-OsUOA
005 20230911153517.0
007 ta
008 20120918b un ||||| |||| 00| 0 ukr d
020 _a5-87534-061-3
040 _aUA-OsUOA
_brus
_cUA-OsUOA
_dUA-OsUOA
041 _arus
080 _a81,374.2-162.1
090 _a81,374.2-162.1
_bС-67
245 _aПольсько-русско-український словник
260 _aК.
_c1992
300 _a478 с.
650 7 _a8 Мовознавство. Художня література. Літературознавство
_2UDC
942 _cBK
_2udc
955 _a2
999 _c373568
_d373568